Environmental impact assessment : a comparative review

Main Author: Wood, Christopher, 1944- (Author)
Language:English
Published: London: Routledge, Taylor & Francis Group, 2003.
Subjects:
LEADER 00815cam a2200241 7i4500
001 0000130780
005 20180717090000.0
008 180520s2003 -uk x 0 eng
020 # 0 |a 1138836109  
020 # # |a 9781138836105  
040 # # |a OhioLink 
090 0 0 |a TD 194.6   |b .W6 2003 
100 1 # |a Wood, Christopher,   |d 1944-   |e author  
245 0 0 |a Environmental impact assessment :   |b a comparative review   |c Christopher Wood. 
264 # 1 |a London:   |b Routledge, Taylor & Francis Group,   |c 2003. 
264 # 4 |c ♭ 2003. 
300 # # |a xxiii, 404 pages;   |c 24 cm.. 
336 # # |a text  |2 rdacontent 
337 # # |a unmediated  |2 rdamedia 
338 # # |a volume  |2 rdacarrier 
590 # # |a Pusat Pengajian Pembangunan Sosial dan Ekonomi 
650 0 0 |a Environmental impact analysis  
999 |a 1100102582  |b Book  |c Open Shelf  |e KOLEKSI TERBUKA